[Event "Ct. Lleida indiv. Absolut"]
[Site "Tornabous"]
[Date "2014.11.16"]
[Round "7"]
[White "Arnillas Moles, J."]
[Black "Arno Bendicho, A."]
[Result "1-0"]
[WhiteElo "2041"]
[BlackElo "2123"]
[PlyCount "59"]
[EventDate "2014.??.??"]
[EventType "swiss"]
[EventRounds "9"]
[EventCountry "ESP"]

1. e4 c5 2. Nc3 d6 3. Bc4 e6 4. f4 g6 5. Nf3 Bg7 6. O-O Nc6 7. d3 Nge7 8. Qe1
O-O 9. f5 exf5 10. Bg5 Qe8 11. Nb5 Qd7 12. Kh1 d5 13. exd5 Nxd5 14. Bxd5 Qxd5
15. Nc7 Qd6 16. Nxa8 Bd7 17. Qh4 Rxa8 18. c3 Re8 19. Bf4 Qd5 20. c4 Qe6 21. Ng5
Qf6 22. Qxh7+ Kf8 23. Qh3 Qd4 24. Qg3 b6 25. h4 Ne5 26. Rae1 Ng4 27. Rxe8+ Bxe8
28. h5 Bc6 29. hxg6 fxg6 30. Ne6+ 1-0

[Event "Ct. Lleida indiv. Absolut"]
[Site "Tornabous"]
[Date "2014.11.16"]
[Round "7"]
[White "Campos Olaya, I."]
[Black "Verdes Nadal, R."]
[Result "1-0"]
[WhiteElo "2333"]
[BlackElo "2172"]
[PlyCount "113"]
[EventDate "2014.??.??"]
[EventType "swiss"]
[EventRounds "9"]
[EventCountry "ESP"]

1. e4 g6 2. d4 Nf6 3. e5 Nd5 4. c4 Nb4 5. Bd2 N4a6 6. Bc3 Bg7 7. d5 d6 8. exd6
Bxc3+ 9. Nxc3 cxd6 10. Nf3 Nd7 11. Qd4 O-O 12. Be2 Qb6 13. Qd2 Nf6 14. O-O Nc5
15. b3 Bg4 16. Ng5 Bxe2 17. Qxe2 Ncd7 18. Rad1 Rae8 19. Rd3 Kg7 20. Re3 h6 21.
Nge4 Nxe4 22. Rxe4 Ne5 23. Na4 Qd8 24. f4 Nd7 25. Re1 Nb6 26. Nc3 Nc8 27. Qb2
Kh7 28. Nb5 e6 29. Qe2 a6 30. Nd4 Qb6 31. Qf2 Ne7 32. dxe6 f5 33. R4e2 d5 34.
Rc1 dxc4 35. Rxc4 Rc8 36. Rec2 Rxc4 37. Rxc4 Rd8 38. Qe3 Rd6 39. Qe5 Rc6 40.
Qf6 Ng8 41. Qf7+ Kh8 42. e7 Rxc4 43. Qxg8+ Kxg8 44. e8=Q+ Kg7 45. Qe5+ Kf8 46.
bxc4 Qb1+ 47. Kf2 Qxa2+ 48. Qe2 Qa5 49. Kg3 Qc3+ 50. Nf3 g5 51. fxg5 hxg5 52.
Qe6 f4+ 53. Kg4 Qb2 54. Ne5 Qxg2+ 55. Kh5 Qxh2+ 56. Kg6 Qc2+ 57. Kf6 1-0

[Event "Ct. Lleida indiv. Absolut"]
[Site "Tornabous"]
[Date "2014.11.16"]
[Round "7"]
[White "Cardona Marin, W."]
[Black "Rodriguez Moles, J."]
[Result "0-1"]
[WhiteElo "1911"]
[BlackElo "2029"]
[PlyCount "86"]
[EventDate "2014.??.??"]
[EventType "swiss"]
[EventRounds "9"]
[EventCountry "ESP"]

1. d4 Nf6 2. Bf4 e6 3. e3 c5 4. Nf3 Nc6 5. Bd3 Qb6 6. Nc3 a6 7. Na4 Qa5+ 8. c3
d6 9. dxc5 dxc5 10. O-O b5 11. Nxc5 Bxc5 12. b4 Nxb4 13. cxb4 Bxb4 14. Nd4 Bb7
15. Rc1 O-O 16. Rc7 Bd5 17. Nc6 Bxc6 18. Rxc6 Qxa2 19. Qc1 Ba3 20. Qd1 Rfd8 21.
Bc7 Rd7 22. Be5 Qd5 23. Bxf6 Qxd3 24. Qxd3 Rxd3 25. Bd4 h6 26. g3 b4 27. Rb1 a5
28. Rb6 Rd2 29. Rb5 a4 30. Bc5 Rb2 31. Rd1 Ra2 32. Bxb4 Rb2 33. Rd4 Bxb4 34.
Rdxb4 Rxb4 35. Rxb4 a3 36. Rb1 a2 37. Ra1 Kf8 38. Kf1 Ke7 39. Ke2 Kd6 40. Kd2
Kd5 41. f3 Kc5 42. Rc1+ Kb4 43. Ra1 Kb3 0-1

[Event "Ct. Lleida indiv. Absolut"]
[Site "Tornabous"]
[Date "2014.11.16"]
[Round "7"]
[White "Farre Regada, J."]
[Black "Rodon Balcells, J."]
[Result "0-1"]
[WhiteElo "2053"]
[BlackElo "1937"]
[PlyCount "92"]
[EventDate "2014.??.??"]
[EventType "swiss"]
[EventRounds "9"]
[EventCountry "ESP"]

1. e4 c5 2. Nf3 g6 3. d4 cxd4 4. Qxd4 Nf6 5. Nc3 Nc6 6. Qa4 d6 7. e5 dxe5 8.
Nxe5 Qd4 9. Nxc6 Qxa4 10. Nxa4 bxc6 11. Bd3 Nd5 12. Bd2 Bg7 13. c4 Nb6 14. Bc3
e5 15. Be4 Bd7 16. Nxb6 axb6 17. O-O f5 18. Bf3 O-O 19. Rfd1 Ra7 20. Rd6 e4 21.
Bxg7 Kxg7 22. Rad1 exf3 23. Rxd7+ Rf7 24. Rxf7+ Kxf7 25. a3 fxg2 26. Rd6 Rc7
27. Rd8 Rb7 28. Rh8 Ke6 29. Rd8 Ke5 30. Kxg2 c5 31. h4 Kf4 32. f3 Re7 33. b4
Re2+ 34. Kf1 Re3 35. bxc5 bxc5 36. Rd7 Rxa3 37. Rxh7 Kxf3 38. Ke1 Re3+ 39. Kd2
Re4 40. h5 gxh5 41. Rxh5 Kg4 42. Rh8 f4 43. Kd3 Rd4+ 44. Kc3 f3 45. Rg8+ Kh3
46. Rf8 Kg3 0-1

[Event "Ct. Lleida indiv. Absolut"]
[Site "Tornabous"]
[Date "2014.11.16"]
[Round "7"]
[White "Farre Selma, D."]
[Black "Llavall Sans, D."]
[Result "1/2-1/2"]
[WhiteElo "2053"]
[BlackElo "2257"]
[PlyCount "29"]
[EventDate "2014.??.??"]
[EventType "swiss"]
[EventRounds "9"]
[EventCountry "ESP"]

1. g3 e5 2. Bg2 Nf6 3. c4 Bc5 4. Nc3 O-O 5. e3 Nc6 6. Nge2 d6 7. O-O Bf5 8. d4
Bb6 9. a3 a5 10. b3 Re8 11. Bb2 exd4 12. Nxd4 Nxd4 13. exd4 c6 14. d5 c5 15.
Nb5 1/2-1/2

[Event "Ct. Lleida indiv. Absolut"]
[Site "Tornabous"]
[Date "2014.11.16"]
[Round "7"]
[White "Herreros Angrill, J."]
[Black "Arno Bendicho, X."]
[Result "1-0"]
[WhiteElo "1926"]
[BlackElo "1987"]
[PlyCount "53"]
[EventDate "2014.??.??"]
[EventType "swiss"]
[EventRounds "9"]
[EventCountry "ESP"]

1. e4 c5 2. Nf3 Nf6 3. d3 d5 4. e5 Ng8 5. Bf4 Nc6 6. Nbd2 g6 7. g3 Bg7 8. Bg2
e6 9. O-O Nge7 10. Re1 O-O 11. h4 f6 12. exf6 Bxf6 13. Rb1 Nf5 14. Nf1 Re8 15.
N1h2 e5 16. Ng4 Nfd4 17. Nfxe5 Bxg4 18. Nxg4 Rxe1+ 19. Qxe1 Bg7 20. c3 Nf5 21.
Qe6+ Kh8 22. Bxd5 Nfe7 23. Bc4 Qf8 24. Re1 h5 25. Ne5 Nxe5 26. Bxe5 Nf5 27.
Qxg6 1-0

[Event "Ct. Lleida indiv. Absolut"]
[Site "Tornabous"]
[Date "2014.11.16"]
[Round "7"]
[White "Monfa Sole, R."]
[Black "Barbero Sendic, A."]
[Result "0-1"]
[WhiteElo "2160"]
[BlackElo "2415"]
[PlyCount "76"]
[EventDate "2014.??.??"]
[EventType "swiss"]
[EventRounds "9"]
[EventCountry "ESP"]

1. d3 d5 2. a3 g6 3. e4 Bg7 4. exd5 Nf6 5. c4 c6 6. dxc6 Nxc6 7. Nf3 Bg4 8. Be2
Nd7 9. Nbd2 Nc5 10. Ne4 Bxf3 11. gxf3 Ne6 12. Rb1 O-O 13. Be3 Qc7 14. Nc3 Ned4
15. Qa4 Qd7 16. Bxd4 Bxd4 17. Nd5 Qh3 18. Ne3 Rad8 19. Qd1 Ne5 20. f4 Bxe3 21.
fxe5 Qg2 22. Rf1 Bd4 23. Bf3 Qxh2 24. e6 fxe6 25. Qe2 Rf6 26. Be4 Qh4 27. Kd1
Bxf2 28. Kc2 b6 29. Rh1 Qg3 30. Rbf1 Rdf8 31. Kb1 Bd4 32. Rxf6 Rxf6 33. Bg2 Qf2
34. Re1 Kg7 35. b3 Bc3 36. Qxf2 Rxf2 37. Rg1 Rb2+ 38. Kc1 Ra2 0-1

[Event "Ct. Lleida indiv. Absolut"]
[Site "Tornabous"]
[Date "2014.11.16"]
[Round "7"]
[White "Solani Nuñez, J."]
[Black "Biosca Lacasa, J."]
[Result "1/2-1/2"]
[WhiteElo "2183"]
[BlackElo "2048"]
[PlyCount "40"]
[EventDate "2014.??.??"]
[EventType "swiss"]
[EventRounds "9"]
[EventCountry "ESP"]

1. d4 d5 2. c4 c6 3. Nc3 Nf6 4. Nf3 Bf5 5. Qb3 Qb6 6. c5 Qc7 7. Bf4 Qc8 8. e3
Nbd7 9. h3 e6 10. Be2 Be7 11. O-O b6 12. cxb6 Nxb6 13. Na4 Nfd7 14. Rfc1 O-O
15. Bb5 Nxa4 16. Qxa4 cxb5 17. Qxb5 Qe8 18. Rc7 Nf6 19. Qb7 Rb8 20. Qxa7 Ra8
1/2-1/2

[Event "Ct. Lleida indiv. Absolut"]
[Site "Tornabous"]
[Date "2014.11.16"]
[Round "7"]
[White "Sole Castañe, J."]
[Black "Fabrega Ramon, S."]
[Result "0-1"]
[WhiteElo "1913"]
[BlackElo "2057"]
[PlyCount "112"]
[EventDate "2014.??.??"]
[EventType "swiss"]
[EventRounds "9"]
[EventCountry "ESP"]

1. Nf3 Nc6 2. d4 d5 3. Bf4 Bf5 4. e3 e6 5. a3 Bd6 6. Bg3 Bg4 7. Be2 f5 8. Nbd2
Nf6 9. Ne5 Bxe2 10. Qxe2 O-O 11. Nxc6 bxc6 12. c4 c5 13. dxc5 Bxc5 14. Nb3 Bd6
15. Nd4 Qd7 16. O-O c6 17. Rac1 Rac8 18. Bxd6 Qxd6 19. c5 Qd7 20. Qc2 Ng4 21.
Nf3 Qc7 22. Qc3 Rce8 23. h3 Nf6 24. Qe5 Re7 25. Rfd1 Rc8 26. Qxc7 Rexc7 27. Ne5
Nd7 28. Nd3 Kf7 29. f4 Kf6 30. Rf1 e5 31. b4 Rb7 32. g4 g6 33. g5+ Ke6 34. Kf2
Rcb8 35. fxe5 Nxe5 36. Nf4+ Ke7 37. Rc3 a5 38. bxa5 Rb2+ 39. Kg1 Ra8 40. Nd3
Nxd3 41. Rxd3 Rxa5 42. Rf2 Rb1+ 43. Kg2 Rxc5 44. Ra2 Rcb5 45. a4 R5b2+ 46. Rxb2
Rxb2+ 47. Kf3 Rb4 48. Rd4 Rxd4 49. exd4 Kd7 50. Kf4 Kc7 51. Ke5 Kb6 52. h4 Ka5
53. h5 Kxa4 54. hxg6 hxg6 55. Kf6 f4 56. Kxg6 f3 0-1

[Event "Ct. Lleida indiv. Absolut"]
[Site "Tornabous"]
[Date "2014.11.16"]
[Round "7"]
[White "Sole Gonzalez, E."]
[Black "Cortiella Valles, R."]
[Result "0-1"]
[WhiteElo "2025"]
[BlackElo "2079"]
[PlyCount "48"]
[EventDate "2014.??.??"]
[EventType "swiss"]
[EventRounds "9"]
[EventCountry "ESP"]

1. d4 Nf6 2. c4 g6 3. Nf3 Bg7 4. Bg5 Ne4 5. Bf4 c5 6. Bxb8 Rxb8 7. Qd3 d5 8. e3
O-O 9. cxd5 Bf5 10. Qb3 Qa5+ 11. Nc3 cxd4 12. Nxd4 Nxc3 13. bxc3 Rbc8 14. Rc1
Be4 15. Kd1 Bxd5 16. c4 Be4 17. f3 Bc6 18. Nxc6 Rxc6 19. Bd3 Rd8 20. Ke2 Rb6
21. Qd1 Rbd6 22. Rc2 Qa3 23. Rd2 Bc3 24. Rc2 Bb4 0-1

[Event "Ct. Lleida indiv. Absolut"]
[Site "Tornabous"]
[Date "2014.11.16"]
[Round "7"]
[White "Sole Pijuan, F."]
[Black "Argerich Farras, J."]
[Result "0-1"]
[WhiteElo "2015"]
[BlackElo "2171"]
[PlyCount "82"]
[EventDate "2014.??.??"]
[EventType "swiss"]
[EventRounds "9"]
[EventCountry "ESP"]

1. d4 b6 2. e4 Bb7 3. Nc3 e6 4. a3 Ne7 5. Nf3 d5 6. e5 c5 7. Bg5 Qd7 8. Be2 h6
9. Bf4 Nbc6 10. Bg3 Nf5 11. O-O Ncxd4 12. Nxd4 Nxd4 13. Bd3 g6 14. Re1 a6 15.
Qd2 Be7 16. Ne2 Nxe2+ 17. Bxe2 Rd8 18. Red1 Bg5 19. f4 Be7 20. Bf2 h5 21. b4
Qc7 22. Rab1 Kf8 23. Rb3 d4 24. bxc5 bxc5 25. Rdb1 Bd5 26. Rb6 Kg7 27. Bxa6 Rb8
28. Rxb8 Rxb8 29. Rxb8 Qxb8 30. Bf1 Qb2 31. a4 Bb3 32. Bd3 c4 33. Bf1 d3 34. a5
Qxc2 35. Qxc2 dxc2 36. Be3 Bc5 37. Bxc5 c1=Q 38. a6 c3 39. a7 Bc4 40. Bf8+ Kh7
41. h4 Qxf1+ 0-1

[Event "Ct. Lleida indiv. Absolut"]
[Site "Tornabous"]
[Date "2014.11.16"]
[Round "7"]
[White "Trepat Herranz, J."]
[Black "Sanuy Moncasi, A."]
[Result "1-0"]
[WhiteElo "2419"]
[BlackElo "2071"]
[PlyCount "82"]
[EventDate "2014.??.??"]
[EventType "swiss"]
[EventRounds "9"]
[EventCountry "ESP"]

1. e4 d6 2. d4 Nf6 3. Nd2 c6 4. Ngf3 g6 5. Bd3 Bg7 6. O-O O-O 7. h3 Nbd7 8. Re1
e5 9. c3 Nh5 10. Nc4 Qc7 11. a4 exd4 12. cxd4 Nb6 13. Ne3 a5 14. Bc2 d5 15. e5
Nf4 16. Ng4 Bxg4 17. hxg4 Ne6 18. Ra3 Qd7 19. g5 Rfc8 20. Rc3 Rc7 21. Nh2 Rac8
22. Ng4 c5 23. dxc5 Rxc5 24. Rxc5 Rxc5 25. Nf6+ Bxf6 26. gxf6 Qc6 27. Bb3 Nc4
28. Bxc4 Rxc4 29. b3 Rc2 30. Bh6 Qc5 31. Re2 Rxe2 32. Qxe2 Qc3 33. f4 Nd4 34.
Qd1 Qe3+ 35. Kh2 Qf2 36. Qg4 Nf5 37. Bg5 h6 38. e6 fxe6 39. Bxh6 Qh4+ 40. Qxh4
Nxh4 41. Bg5 Kf7 1-0

[Event "Ct. Lleida indiv. Absolut"]
[Site "Tornabous"]
[Date "2014.11.23"]
[Round "8"]
[White "Alba Tarradelles, J."]
[Black "Monfa Sole, R."]
[Result "0-1"]
[WhiteElo "2019"]
[BlackElo "2160"]
[PlyCount "66"]
[EventDate "2014.??.??"]
[EventType "swiss"]
[EventRounds "9"]
[EventCountry "ESP"]

1. d4 Na6 2. c4 c6 3. e4 d6 4. Nc3 e5 5. Nf3 Bg4 6. dxe5 dxe5 7. Qxd8+ Rxd8 8.
Nxe5 Nb4 9. Nxg4 Nc2+ 10. Ke2 Nxa1 11. Ne3 Bc5 12. f4 Bxe3 13. Bxe3 b6 14. g3
Nc2 15. Bd2 Nf6 16. Bg2 Nd4+ 17. Ke1 O-O 18. e5 Ng4 19. h3 Nh6 20. g4 f6 21.
Ne4 fxe5 22. fxe5 Rde8 23. Bc3 c5 24. Bxd4 cxd4 25. Ke2 Rxe5 26. Kd3 Rd8 27. b4
Nf7 28. Rf1 Re7 29. c5 Ne5+ 30. Kd2 bxc5 31. bxc5 Rb8 32. Rc1 Rb2+ 33. Kd1 Rxg2
0-1

[Event "Ct. Lleida indiv. Absolut"]
[Site "Tornabous"]
[Date "2014.11.23"]
[Round "8"]
[White "Argerich Farras, J."]
[Black "Herreros Angrill, J."]
[Result "1-0"]
[WhiteElo "2171"]
[BlackElo "1926"]
[PlyCount "65"]
[EventDate "2014.??.??"]
[EventType "swiss"]
[EventRounds "9"]
[EventCountry "ESP"]

1. Nf3 Nf6 2. d4 d5 3. Bf4 e6 4. e3 Bd6 5. Bg5 h6 6. Bh4 Nbd7 7. Nbd2 O-O 8. c3
c6 9. Qb3 a5 10. c4 Re8 11. Be2 e5 12. cxd5 cxd5 13. dxe5 Bxe5 14. Nxe5 Rxe5
15. Rc1 g5 16. Bg3 Re6 17. Nf3 a4 18. Qb4 Rb6 19. Qa3 Rc6 20. O-O Ne4 21. Nd4
Rf6 22. Bc7 Qf8 23. Qxf8+ Nxf8 24. f3 Nd2 25. Rfd1 Nc4 26. Bxc4 dxc4 27. Rxc4
Ne6 28. Be5 Rg6 29. Nf5 Kh7 30. Ne7 Ra5 31. Bc3 Rc5 32. Rxc5 Nxc5 33. Nxc8 1-0

[Event "Ct. Lleida indiv. Absolut"]
[Site "Tornabous"]
[Date "2014.11.23"]
[Round "8"]
[White "Arno Bendicho, A."]
[Black "Sole Pijuan, F."]
[Result "1/2-1/2"]
[WhiteElo "2123"]
[BlackElo "2015"]
[PlyCount "50"]
[EventDate "2014.??.??"]
[EventType "swiss"]
[EventRounds "9"]
[EventCountry "ESP"]

1. d4 d5 2. Nf3 Nf6 3. g3 Bf5 4. Bg2 e6 5. O-O Nbd7 6. c4 c6 7. Nbd2 Be7 8. c5
Ne4 9. Nxe4 Bxe4 10. Bd2 O-O 11. Rc1 Bf6 12. e3 Re8 13. Bc3 Qc7 14. Nd2 Bxg2
15. Kxg2 e5 16. dxe5 Bxe5 17. Qc2 h6 18. Rfe1 Bxc3 19. Qxc3 Qe5 20. Qxe5 Nxe5
21. Rc3 Re7 22. Nf3 Nxf3 23. Kxf3 Rae8 24. Rd1 Re4 25. Rb3 R8e7 1/2-1/2

[Event "Ct. Lleida indiv. Absolut"]
[Site "Tornabous"]
[Date "2014.11.23"]
[Round "8"]
[White "Barbero Sendic, A."]
[Black "Ramon Solans, A."]
[Result "1/2-1/2"]
[WhiteElo "2415"]
[BlackElo "2400"]
[PlyCount "161"]
[EventDate "2014.??.??"]
[EventType "swiss"]
[EventRounds "9"]
[EventCountry "ESP"]

1. e4 c6 2. d4 d5 3. Nc3 dxe4 4. Nxe4 Nd7 5. Bc4 Ngf6 6. Ng5 e6 7. Ne2 h6 8.
Nf3 Bd6 9. O-O Qc7 10. Re1 b6 11. Ng3 O-O 12. Qe2 Bb7 13. Ne5 c5 14. Nxd7 Qxd7
15. Bb5 Qc7 16. Be3 Nd5 17. dxc5 bxc5 18. Rad1 Nxe3 19. Qxe3 Bf4 20. Qe2 Rad8
21. Qg4 Bd2 22. Re2 Qf4 23. Qxf4 Bxf4 24. Rd3 Rxd3 25. cxd3 Rb8 26. Bc4 Kf8 27.
Rc2 Ke7 28. Nf1 Kd6 29. Nd2 Bc6 30. Nb1 Be5 31. b3 a5 32. Re2 a4 33. Nd2 axb3
34. Bxb3 Bd5 35. Nc4+ Bxc4 36. dxc4 Bd4 37. Kf1 f5 38. g3 g5 39. Kg2 e5 40. f3
Rb7 41. g4 fxg4 42. fxg4 Rf7 43. Bc2 Rb7 44. Kf3 Rf7+ 45. Bf5 Ra7 46. Ke4 Ra4
47. Rc2 Ra3 48. Bc8 Re3+ 49. Kf5 Rf3+ 50. Kg6 e4 51. Kxh6 e3 52. Bf5 Bf6 53. a4
Ke5 54. a5 Rh3+ 55. Kg6 Rh8 56. a6 Rg8+ 57. Kf7 Rg7+ 58. Ke8 Ra7 59. Bc8 Kd4
60. Bb7 Kd3 61. Rg2 e2 62. Rg1 Bd4 63. Rh1 Bf2 64. Kd7 e1=Q 65. Rxe1 Bxe1 66.
Kc6 Kxc4 67. Kb6 Rxa6+ 68. Bxa6+ Kd4 69. Kb5 c4 70. Ka4 Bc3 71. Bb5 Kc5 72. Ba6
Bb2 73. Bb5 Bc3 74. Ba6 Be1 75. Bb5 Bd2 76. Ba6 Kd4 77. Bb5 Bf4 78. h3 Kc5 79.
Ba6 Bd6 80. Bb5 Be7 81. Ba6 1/2-1/2

[Event "Ct. Lleida indiv. Absolut"]
[Site "Tornabous"]
[Date "2014.11.23"]
[Round "8"]
[White "Biosca Lacasa, J."]
[Black "Palau Cabases, A."]
[Result "0-1"]
[WhiteElo "2048"]
[BlackElo "2157"]
[PlyCount "52"]
[EventDate "2014.??.??"]
[EventType "swiss"]
[EventRounds "9"]
[EventCountry "ESP"]

1. d4 Nf6 2. Bf4 c5 3. e3 cxd4 4. exd4 Qb6 5. b3 g6 6. Nf3 Bg7 7. Be2 Nc6 8. c3
d6 9. O-O O-O 10. Qd2 Re8 11. Na3 e5 12. Nc4 Qc7 13. dxe5 dxe5 14. Bh6 Ne4 15.
Qe3 Nxc3 16. Bxg7 Nxe2+ 17. Qxe2 Kxg7 18. Rac1 Bg4 19. h3 Nd4 20. Qe4 Nxf3+ 21.
Kh1 Bxh3 22. Qxf3 Bd7 23. Rfe1 Bc6 24. Qg3 f6 25. Re3 b5 26. Nd2 Bxg2+ 0-1

[Event "Ct. Lleida indiv. Absolut"]
[Site "Tornabous"]
[Date "2014.11.23"]
[Round "8"]
[White "Cortiella Valles, R."]
[Black "Farre Selma, D."]
[Result "1/2-1/2"]
[WhiteElo "2079"]
[BlackElo "2053"]
[PlyCount "82"]
[EventDate "2014.??.??"]
[EventType "swiss"]
[EventRounds "9"]
[EventCountry "ESP"]

1. e4 e5 2. Nf3 Nc6 3. Bc4 Bc5 4. c3 Nf6 5. d3 O-O 6. Bg5 h6 7. Bh4 Re8 8. b4
Be7 9. O-O d5 10. exd5 Nxd5 11. Bxe7 Rxe7 12. Qb3 Nf4 13. Nbd2 Qd6 14. Ne4 Qg6
15. Ng3 Bg4 16. Nd2 Be2 17. Rfe1 Bxd3 18. Bxd3 Nxd3 19. Re3 Nf4 20. b5 Nd8 21.
Nf3 e4 22. Nd2 h5 23. h4 Nde6 24. Ndxe4 Nc5 25. Nxc5 Rxe3 26. fxe3 Qxg3 27.
exf4 Qe3+ 28. Kh1 Qxc5 29. Rd1 Qf2 30. Qc4 Qxh4+ 31. Kg1 Qe7 32. Qd5 Qe3+ 33.
Kh1 Qxf4 34. Qxb7 Re8 35. Qxa7 Re2 36. Qd4 Re4 37. Qd8+ Kh7 38. Qd3 g6 39. Rf1
Re1 40. Rxe1 Qh4+ 41. Kg1 Qxe1+ 1/2-1/2

[Event "Ct. Lleida indiv. Absolut"]
[Site "Tornabous"]
[Date "2014.11.23"]
[Round "8"]
[White "Fabrega Ramon, S."]
[Black "Dolader Roig, JM."]
[Result "1-0"]
[WhiteElo "2057"]
[BlackElo "1928"]
[PlyCount "80"]
[EventDate "2014.??.??"]
[EventType "swiss"]
[EventRounds "9"]
[EventCountry "ESP"]

1. e4 c5 2. Nf3 Nc6 3. d4 cxd4 4. Nxd4 Nf6 5. Nc3 e5 6. Nb3 Bb4 7. Bd3 Bxc3+ 8.
bxc3 d5 9. Bg5 dxe4 10. Bxf6 Qxf6 11. Bxe4 Bf5 12. Nc5 Rd8 13. Qe2 Bxe4 14.
Nxe4 Qe7 15. O-O O-O 16. Rfd1 h6 17. Rd3 f5 18. Nd2 e4 19. Re3 Qd6 20. Nb3 Rfe8
21. f3 Qd5 22. Re1 a6 23. fxe4 Rxe4 24. Rxe4 fxe4 25. Qxe4 Qg5 26. Rf1 Qd5 27.
Qxd5+ Rxd5 28. Rf4 b5 29. Kf2 Ne5 30. Rd4 Rxd4 31. cxd4 Nc4 32. Ke2 Kf7 33. Nd2
Nd6 34. Kd3 Ke6 35. Ne4 Nxe4 36. Kxe4 g6 37. d5+ Kd6 38. c3 a5 39. Kd4 b4 40.
cxb4 axb4 1-0

[Event "Ct. Lleida indiv. Absolut"]
[Site "Tornabous"]
[Date "2014.11.23"]
[Round "8"]
[White "Gensana Berzunces, J."]
[Black "Campos Olaya, I."]
[Result "1-0"]
[WhiteElo "2042"]
[BlackElo "2333"]
[PlyCount "55"]
[EventDate "2014.??.??"]
[EventType "swiss"]
[EventRounds "9"]
[EventCountry "ESP"]

1. e4 c6 2. Nc3 d5 3. Nf3 Bg4 4. h3 Bxf3 5. Qxf3 Nf6 6. d3 e6 7. Bd2 Bb4 8. e5
Nfd7 9. Qg3 Bf8 10. Be2 Qb6 11. O-O g6 12. Kh1 c5 13. f4 Bg7 14. a4 a6 15. Qf2
Nc6 16. a5 Qc7 17. Bd1 h5 18. Ne2 Bh6 19. c4 dxc4 20. dxc4 Ndxe5 21. Bc3 Ng4
22. hxg4 e5 23. g5 Bg7 24. fxe5 Bxe5 25. Bxe5 Nxe5 26. Ba4+ Kf8 27. Qf6 Ng4 28.
Qxh8+ 1-0

[Event "Ct. Lleida indiv. Absolut"]
[Site "Tornabous"]
[Date "2014.11.23"]
[Round "8"]
[White "Llavall Sans, D."]
[Black "Subarroca Blanch, F."]
[Result "1-0"]
[WhiteElo "2257"]
[BlackElo "1951"]
[PlyCount "41"]
[EventDate "2014.??.??"]
[EventType "swiss"]
[EventRounds "9"]
[EventCountry "ESP"]

1. d4 d5 2. Nf3 Nf6 3. g3 e6 4. Bg2 h6 5. O-O c5 6. b3 b5 7. a4 Bd7 8. axb5
Bxb5 9. c4 Bc6 10. Ne5 Be7 11. Nc3 Bb7 12. dxc5 Bxc5 13. b4 Bd6 14. Qa4+ Ke7
15. Nd3 Qd7 16. c5 Bc7 17. b5 Qd8 18. Ba3 Bc8 19. b6 Kf8 20. c6+ Kg8 21. b7 1-0

[Event "Ct. Lleida indiv. Absolut"]
[Site "Tornabous"]
[Date "2014.11.23"]
[Round "8"]
[White "Monell Camarasa, D."]
[Black "Arnillas Moles, J."]
[Result "1-0"]
[WhiteElo "2340"]
[BlackElo "2041"]
[PlyCount "76"]
[EventDate "2014.??.??"]
[EventType "swiss"]
[EventRounds "9"]
[EventCountry "ESP"]

1. d4 Nf6 2. c4 Nc6 3. d5 Ne5 4. e4 e6 5. f4 Ng6 6. Bd3 Bb4+ 7. Bd2 Bxd2+ 8.
Qxd2 exd5 9. cxd5 d6 10. Nf3 O-O 11. O-O Re8 12. Nc3 c6 13. dxc6 bxc6 14. Rad1
Rb8 15. Kh1 Qb6 16. b3 Bg4 17. h3 Bh5 18. g4 Bxg4 19. hxg4 Nxg4 20. Na4 Qe3 21.
Rde1 Qxf4 22. Qxf4 Nxf4 23. Bc4 d5 24. exd5 cxd5 25. Bb5 Re6 26. Nd4 Rh6+ 27.
Kg1 Ne6 28. Nxe6 fxe6 29. Bd7 Rg6 30. Bxe6+ Kh8 31. Bf7 Rg5 32. Rf4 Rf8 33. Kh1
g6 34. Re8 Rxe8 35. Bxe8 Rh5+ 36. Kg1 Rg5 37. Nc5 Ne3+ 38. Kf2 Re5 1-0

[Event "Ct. Lleida indiv. Absolut"]
[Site "Tornabous"]
[Date "2014.11.23"]
[Round "8"]
[White "Rodon Balcells, J."]
[Black "Solani Nuñez, J."]
[Result "0-1"]
[WhiteElo "1937"]
[BlackElo "2183"]
[PlyCount "84"]
[EventDate "2014.??.??"]
[EventType "swiss"]
[EventRounds "9"]
[EventCountry "ESP"]

1. e4 c6 2. Nc3 d5 3. Nf3 dxe4 4. Nxe4 Bf5 5. Ng3 Bg6 6. h4 h6 7. Bc4 e6 8. Ne5
Ne7 9. Qf3 Nd7 10. Nxg6 Nxg6 11. d4 Nxh4 12. Qe4 g5 13. O-O Nf6 14. Qe2 Bg7 15.
Re1 O-O 16. c3 Nf5 17. Nxf5 exf5 18. Qf3 Qd7 19. Bd3 f4 20. Bd2 Rfe8 21. Bc2 c5
22. Qd3 Rxe1+ 23. Rxe1 Rd8 24. Bb3 cxd4 25. c4 b6 26. Bb4 a5 27. Re7 Qg4 28. f3
Qc8 29. c5 Nd5 30. Bxd5 Rxd5 31. Qe4 Rd8 32. Bd2 Qxc5 33. Rb7 d3+ 34. Kh2 Bxb2
35. Re7 Bf6 36. Ra7 Bc3 37. Qb7 Rf8 38. Bxc3 Qxc3 39. Qxb6 Qe1 40. Qxh6 Qg3+
41. Kg1 Re8 42. Ra8 Rxa8 0-1

[Event "Ct. Lleida indiv. Absolut"]
[Site "Tornabous"]
[Date "2014.11.23"]
[Round "8"]
[White "Sanuy Moncasi, A."]
[Black "Cosialls Baz, D."]
[Result "1-0"]
[WhiteElo "2071"]
[BlackElo "1964"]
[PlyCount "69"]
[EventDate "2014.??.??"]
[EventType "swiss"]
[EventRounds "9"]
[EventCountry "ESP"]

1. d4 d5 2. Nf3 Nf6 3. Bg5 Ne4 4. Bh4 c6 5. Nbd2 Bf5 6. e3 Qa5 7. c3 e6 8. Be2
Nd7 9. O-O Bd6 10. Bg3 Bxg3 11. hxg3 Ndf6 12. Nb3 Qc7 13. Ne5 Nd7 14. Nxd7 Qxd7
15. g4 Bg6 16. f4 f5 17. Bd3 fxg4 18. Bxe4 dxe4 19. Qxg4 Bf5 20. Qh4 O-O 21. g4
Bg6 22. Rf2 Rf6 23. Nd2 Qd5 24. b3 Raf8 25. Nc4 h5 26. Ne5 hxg4 27. Rh2 Bh5 28.
Qxh5 Rh6 29. Qxg4 Rxh2 30. Kxh2 Rf6 31. Kg2 Qa5 32. Qh5 Rh6 33. Qe8+ Kh7 34.
Nf7 Qxc3 35. Ng5# 1-0

[Event "Ct. Lleida indiv. Absolut"]
[Site "Tornabous"]
[Date "2014.11.23"]
[Round "8"]
[White "Sole Monistrol, F."]
[Black "Sole Gonzalez, E."]
[Result "0-1"]
[WhiteElo "1942"]
[BlackElo "2025"]
[PlyCount "112"]
[EventDate "2014.??.??"]
[EventType "swiss"]
[EventRounds "9"]
[EventCountry "ESP"]

1. d4 d5 2. Nf3 Nf6 3. g3 Bf5 4. Bg2 e6 5. O-O Bd6 6. c3 O-O 7. Nbd2 h6 8. a3
c6 9. c4 dxc4 10. Nxc4 Bc7 11. b3 Nbd7 12. Bb2 Qe7 13. e3 Ne4 14. Rc1 Ndf6 15.
a4 Nd5 16. Nh4 Bh7 17. f3 Nd6 18. e4 Nxc4 19. bxc4 Ne3 20. Qd2 Nxf1 21. Bxf1
Rfd8 22. Qe3 f6 23. Ng2 c5 24. d5 Be5 25. Qd2 exd5 26. exd5 Bxb2 27. Qxb2 b6
28. Re1 Qd7 29. Qb3 Re8 30. Rxe8+ Rxe8 31. Nf4 g5 32. Bh3 Bf5 33. Bxf5 Qxf5 34.
Ne6 Rxe6 35. dxe6 Qxe6 36. Qd3 Kg7 37. Kg2 Qe8 38. Qd1 a6 39. h3 b5 40. axb5
axb5 41. cxb5 Qxb5 42. f4 c4 43. h4 c3 44. h5 Qf5 45. Qd6 Qe4+ 46. Kf2 gxf4 47.
Qc7+ Kf8 48. Qxc3 fxg3+ 49. Qxg3 Qf5+ 50. Ke3 Qg5+ 51. Qf4 Kf7 52. Ke4 Qxf4+
53. Kxf4 Ke6 54. Ke4 f5+ 55. Kf4 Kf6 56. Kg3 Kg5 0-1